Kant 1724 1924: reflexiones de centenario

Guardat en:
Dades bibliogràfiques
Format: Llibre
Idioma:espanyol
Publicat: Madrid Revista de Occidente 1929
Matèries:
Etiquetes: Afegir etiqueta
Sense etiquetes, Sigues el primer a etiquetar aquest registre!

MARC

LEADER 00000nam a2200000 a 4500
001 UCU2420
003 CL-VaPUC
005 20221119074310.0
008 960426e19290000SP |||||||||||||||||spa|d
999 |c 246716  |d 246714 
040 |c Pontificia Universidad Católica de Valparaíso 
082 0 4 |a 193  |b ORT  |2 21 
245 1 0 |a Kant 1724 1924: reflexiones de centenario 
260 |a Madrid  |b Revista de Occidente  |c 1929 
300 |a 66 p 
583 |a last modification  |c 19960426 00:00:00  |k Rodrigo Vera 
600 |a Kant, Immanuel,   |d 1724-1804  |x Crítica e interpretación   |9 878586 
650 0 |a Filosofía alemana   |9 265002 
942 |c BK  |2 ddc 
945 |d 19960426 00:00:00  |a rleighto 
952 |0 0  |1 0  |4 0  |6 193_000000000000000_ORT_1929  |7 0  |8 P  |9 261905  |a BIBEDU  |b BIBEDU  |c BIBEDU_PB  |d 2019-11-19  |i 312326K  |o 193 ORT 1929  |p 312326K  |r 2024-01-25  |w 2019-11-19  |y BK  |k FIL